Answers. (Запис № 469133)

МАРК-запис
000 -LEADER
fixed length control field 01867cam a22005177a 4500
001 - CONTROL NUMBER
control field answers00meer
003 - CONTROL NUMBER IDENTIFIER
control field CaSfIA
005 - DATE AND TIME OF LATEST TRANSACTION
control field 20210117184520.0
007 - PHYSICAL DESCRIPTION FIXED FIELD--GENERAL INFORMATION
fixed length control field cr||||
008 - FIXED-LENGTH DATA ELEMENTS--GENERAL INFORMATION
fixed length control field 930201s1991 enkc 000 0 eng
040 ## - CATALOGING SOURCE
Original cataloging agency UKM
Transcribing agency UKM
Modifying agency OCLCG
-- CaSfIA
015 ## - NATIONAL BIBLIOGRAPHY NUMBER
National bibliography number GB92-23933
020 ## - INTERNATIONAL STANDARD BOOK NUMBER
International Standard Book Number 0712653724 (pbk) :
Terms of availability £6.99
020 ## - INTERNATIONAL STANDARD BOOK NUMBER
International Standard Book Number 9780712653725 (pbk)
035 ## - SYSTEM CONTROL NUMBER
System control number (OCoLC)27642202
082 00 - DEWEY DECIMAL CLASSIFICATION NUMBER
Classification number 100
Edition number 12a
082 04 - DEWEY DECIMAL CLASSIFICATION NUMBER
Classification number 299.93
Edition number 20
029 0# - (OCLC)
OCLC library identifier UKM
System control number b9223933
029 1# - (OCLC)
OCLC library identifier UNITY
System control number 084671890
029 1# - (OCLC)
OCLC library identifier UKSFD
System control number 0712653724
029 1# - (OCLC)
OCLC library identifier WARCC
System control number 0712653724
029 1# - (OCLC)
OCLC library identifier WOLVL
System control number 0712653724
029 1# - (OCLC)
OCLC library identifier UKKCC
System control number 0712653724
029 1# - (OCLC)
OCLC library identifier UKESR
System control number 0712653724
029 1# - (OCLC)
OCLC library identifier UKHSF
System control number 0712653724
029 1# - (OCLC)
OCLC library identifier UKLMB
System control number 0712653724
029 1# - (OCLC)
OCLC library identifier UKWBK
System control number 0712653724
029 1# - (OCLC)
OCLC library identifier UKWIR
System control number 0712653724
029 1# - (OCLC)
OCLC library identifier GLOCC
System control number 0712653724
029 1# - (OCLC)
OCLC library identifier UKHCL
System control number 0712653724
029 1# - (OCLC)
OCLC library identifier LWM
System control number 0712653724
029 1# - (OCLC)
OCLC library identifier UKDGL
System control number 0712653724
029 1# - (OCLC)
OCLC library identifier UKWLT
System control number 171267
029 1# - (OCLC)
OCLC library identifier UKBDF
System control number 0712653724
100 0# - MAIN ENTRY--PERSONAL NAME
Personal name Meera,
Titles and other words associated with a name Mother,
Dates associated with a name 1960-
245 10 - TITLE STATEMENT
Title Answers.
Medium [electronic resource]
260 ## - PUBLICATION, DISTRIBUTION, ETC. (IMPRINT)
Name of publisher, distributor, etc Rider,
Date of publication, distribution, etc c1991.
300 ## - PHYSICAL DESCRIPTION
Extent 120 p., [8] p. of plates.
506 ## - RESTRICTIONS ON ACCESS NOTE
Standardized terminology for access restriction Необхідна авторизація на https://archive.org/ (створення облікового запису безкоштовно)
506 ## - RESTRICTIONS ON ACCESS NOTE
Standardized terminology for access restriction Необхідна авторизація на https://openlibrary.org/ (створення облікового запису безкоштовно)
653 0# - INDEX TERM--UNCONTROLLED
Uncontrolled term Spiritual renewal
856 41 - ELECTRONIC LOCATION AND ACCESS
Uniform Resource Identifier <a href="http://www.archive.org/details/answers00meer">http://www.archive.org/details/answers00meer</a>
Public note Free eBook from the Internet Archive
856 42 - ELECTRONIC LOCATION AND ACCESS
Uniform Resource Identifier <a href="http://www.openlibrary.org/books/OL17223429M">http://www.openlibrary.org/books/OL17223429M</a>
Public note Additional information and access via Open Library
942 ## - ADDED ENTRY ELEMENTS (KOHA)
Koha item type ЕКнига

Немає доступних примірників.